Biggest Cities in New Mexico on a Map - Statistics

General Stats
  • This quiz has been taken 396 times
  • The average score is 7 of 10
Answers on the Map
Answers color-coded by a green-red scale on the quiz's map according to % correct below.
 
Answer Stats
Population City % Correct
558,545 Albuquerque
100%
83,776 Santa Fe
98%
101,712 Las Cruces
82%
47,775 Roswell
72%
45,450 Farmington
61%
96,159 Rio Rancho
60%
38,962 Clovis
50%
28,774 Carlsbad
49%
31,248 Alamogordo
47%
37,764 Hobbs
46%
No matching quizzes found
Score Distribution
Percent of People with Each Score
Percentile by Number Answered
Your Score History
You have not taken this quiz